Roger Federer - Grand Slam Finals - Statistics

General Stats
  • This quiz has been taken 53 times
  • The average score is 9 of 13
Answer Stats
Answer % Correct
Novak Djokovic
100%
Rafael Nadal
100%
Andy Murray
94%
Andy Roddick
86%
Juan Martin del Potro
82%
Marin Cilic
76%
Andre Agassi
72%
Robin Soderling
68%
Marat Safin
64%
Lleyton Hewitt
62%
Marcos Baghdatis
42%
Mark Philippoussis
42%
Fernando Gonzalez
34%
No matching quizzes found
Score Distribution
Percent of People with Each Score
Percentile by Number Answered
Your Score History
You have not taken this quiz